000 00243nam a2200097Ia 4500
008 200302s9999 xx 000 0 und d
100 _aFritz Willis
245 _aArt Secrets and Shortcuts
260 _bWalter T. Foster Publication
300 _a34 P.,
999 _c571
_d571